The Sustainable Revitalization Potential of Agricultural Brownfield - A Case Study of East Slovakia

Štúdium interakcie medzi kvalitou pôdy a potenciálom pestovania Paulownie (rýchlorastúci strom) z hľadiska revitalizácie špecifického poľnohospodárskeho brownfieldu vo východoslovenskom regióne Slovenskej republiky.

Salvato in:
Dettagli Bibliografici
Autore principale: Bakalár, Tomáš
Altri autori: Pavolová, Henrieta, Lacko, Roman, 1988-, Hajduová, Zuzana, 1974-
Natura: Capitolo di libro
Lingua:inglese
Soggetti:
Tags: Aggiungi Tag
Nessun Tag, puoi essere il primo ad aggiungerne!!

MARC

LEADER 00000naa a2200000 4500
001 0295632
005 20240722103939.2
041 0 |a eng 
044 |a PL 
245 1 0 |a The Sustainable Revitalization Potential of Agricultural Brownfield - A Case Study of East Slovakia  |c Tomáš Bakalár, Henrieta Pavolová, Roman Lacko, Zuzana Hajduová 
520 |a Štúdium interakcie medzi kvalitou pôdy a potenciálom pestovania Paulownie (rýchlorastúci strom) z hľadiska revitalizácie špecifického poľnohospodárskeho brownfieldu vo východoslovenskom regióne Slovenskej republiky. 
610 2 0 |a poľnohospodárstvo 
610 2 0 |a kvalita pôdy 
610 2 0 |a revitalizácia 
610 2 0 |a udržateľnosť 
610 2 0 |a regióny 
610 2 0 |a brownfield 
610 2 0 |a Slovensko 
100 1 |a Bakalár, Tomáš 
700 1 |a Pavolová, Henrieta 
700 1 |a Lacko, Roman, 1988- 
700 1 |a Hajduová, Zuzana, 1974-